000 00961 a2200229 4500
001 47503
005 20260407155742.0
008 260407a2007 arg spa d
003 AR-UNSa-BCEJYS
040 _aAR-UNSa-BCEJYS
_bspa
_cAR-UNSa-BCEJYS
080 _a94(82):32
_xHistoria Política y Constitucional de Argentina
245 1 0 _aHistoria del Radicalismo
020 _a978-950-9009-98-1
264 1 _aBuenos Aires :
_bEdhasa
_c2007
300 _a350 p.
_c23 cm.
505 _a1. Los orígenes - 2. El partido en el gobierno - 3. El radicalismo en la oposición, 1930-1943 - 4. Los años del peronismo, 1945-1955 - 5. La UCRI y la UCRP - 6. "La hora del Pueblo", 1966-1976 - 7. Renovación y Cambio - 8. La alianza.
942 _cBK
590 _aniveau_biblio:m niveau_hierar:0
100 1 _aSuriano, Juan
700 1 _aPersello, Ana Virginia
856 4 1 _uhttps://www.biblioeco.unsa.edu.ar/pmb/images/libros/L127539.jpg
_yImagen de portada
_qimage/jpeg
999 _c4394
_d4394